Indochina economic reconstruction and international cooperation : (Record no. 18287)

000 -LEADER
fixed length control field 00607nam a2200169 a 4500
020 ## - INTERNATIONAL STANDARD BOOK NUMBER
ISBN 4258540129
040 ## - CATALOGING SOURCE
Transcribing agency DLC
082 00 - DEWEY DECIMAL CLASSIFICATION NUMBER
Classification number 338 IDE 1992 C141 Or.
245 00 - TITLE STATEMENT
Title Indochina economic reconstruction and international cooperation :
Remainder of title papers and proceedings of a symposium held at the Institute of Developing Economies on November 13-14, 1991 /
260 ## - PUBLICATION, DISTRIBUTION, ETC. (IMPRINT)
Place of publication Tokyo :
Name of publisher Institute of Developing Economies,
Year of publication 1992.
300 ## - PHYSICAL DESCRIPTION
Number of Pages vii, 152 p. ;
Dimensions 26 cm.
650 #0 - SUBJECT ADDED ENTRY--TOPICAL TERM
Topical Term Economic assistance
700 1# - ADDED ENTRY--PERSONAL NAME
Personal name Murano, Tsutomu.
700 1# - ADDED ENTRY--PERSONAL NAME
Personal name Takeuchi, Ikuo.
710 2# - ADDED ENTRY--CORPORATE NAME
Corporate name or jurisdiction name as entry element Ajia Keizai Kenkyūjo (Japan)
942 ## - ADDED ENTRY ELEMENTS (KOHA)
Koha item type ADB
952 ## - LOCATION AND ITEM INFORMATION (KOHA)
Withdrawn status [LOCAL, KOHA] 0
Holdings
Source of acquisition Permanent Location Date acquired Koha item type Lost status Shelving location Current Location Full call number
A35413Library Block C2019-10-07សៀវភៅភាសាអង់គ្លេស C141Library Block C338 IDE 1992 C141 Or.
មជ្ឈមណ្ឌលឯការនៃសាកលវិទ្យាល័យភូមិន្ទកសិកម្មចំការដូង

Powered by Koha